00229nam a22000737a 4500082001400000245007700014260005400091300001000145 a581.6 MAK aMaking Acquatic weeds Useful: SOme Perspctives for Developing Countries/ aWashington:bNational Academy of Sciences,c1976. a175p: